| 000 | 00722nam a2200241Ia 4500 | ||
|---|---|---|---|
| 008 | 160319s9999 xx 000 0 und d | ||
| 020 | _a978-971-27-2362-9 | ||
| 050 | _aFIL LB 2395 | ||
| 050 | _b.R65 2010 c.1 | ||
| 100 | _aRoldan, Aurora H. | ||
| 245 | _aCollege reading and writing / | ||
| 245 | _cAurora H. Roldan. | ||
| 260 | _aPasig City: | ||
| 260 | _bAnvil Pub. Inc., | ||
| 260 | _c2010 | ||
| 300 | _a293 pages : | ||
| 300 | _billustrations ; | ||
| 300 | _c26 cm. | ||
| 650 | _aEnglish language -- Composition and exercises. | ||
| 650 | _aEnglish language -- Study ang teaching (Higher). | ||
| 650 | _xEnglish language -- Rhetoric -- Study and teaching. | ||
| 650 | _xReading (Higher education). | ||
| 999 |
_c291760 _d291760 |
||